000 00612nam0a2200217 4500
001 28951
005 20220405165333.0
090 _a28951
100 _a20080423d1975 a 0pory5003 ba
101 _apor
102 _aPT
105 _aa z 001fy
930 _lBECRE
675 _a087.5
_vBNL
_zpor
700 1 _aSobol
_bDonald J.
702 1 _aShortall
_bLeonard
_4440
200 1 _a<O >Enciclopédia Brown e o caso das águias mortas
_fDonald J. Sobol
_gil. Leonard Shortall
210 _aMem Martins
_cEuropa América
_d1975
215 _a120, [4] p.
_d18 cm
225 2 _a<O >Enciclopédioa Brown
_v12
990 _cLIVROS